Every MLB Ballpark - No Hints - Statistics

General Stats
  • This quiz has been taken 15 times
  • The average score is 16 of 30
Answer Stats
Ballpark % Correct
Citi Field
75%
Dodger Stadium
67%
Fenway Park
67%
Great American Ball Park
67%
Minute Maid Park
67%
Target Field
67%
Wrigley Field
67%
Yankee Stadium
67%
Oriole Park
58%
PNC Park
58%
Rogers Centre
58%
Tropicana Field
58%
Angel Stadium
50%
Busch Stadium
50%
Coors Field
50%
loanDepot park
50%
Nationals Park
50%
Oakland Coliseum
50%
Progressive Field
50%
Chase Field
42%
Citizens Bank Park
42%
Comerica Park
42%
Globe Life Field
42%
Guaranteed Rate Field
42%
Kauffman Stadium
42%
Oracle Park
42%
Petco Park
42%
T-Mobile Park
42%
Truist Park
42%
American Family Field
33%
No matching quizzes found
Score Distribution
Percent of People with Each Score
Percentile by Number Answered
Your Score History
You have not taken this quiz